[Event "Challenge"]
[Site "http://www.queenalice.com/game.php?id=1865642"]
[Date "2025.11.15"]
[Round "-"]
[White "crisvolei"]
[Black "Capixaba789"]
[Result "0-1"]
[WhiteElo "1567"]
[BlackElo "1915"]

1. e4 Nf6 2. e5 Nd5 3. Bc4 e6 4. Qf3 Nc6 5. c3 Nxe5 6. Qe4 Nxc4 7. Qxc4 c6 8. b4
Be7 9. b5 c5 10. Na3 b6 11. Nf3 Bb7 12. Ne5 a5 13. O-O O-O 14. d3 Bf6 15. Bh6
Bxe5 16. Bxg7 Bxg7 17. f4 Nxc3 18. f5 Ne2+ 19. Kh1 Bxa1 20. Qg4+ Bg7 21. Nc4
exf5 22. Rxf5 d5 23. Nd2 d4 24. h4 Bc8 25. Qxe2 Qxh4+ 26. Kg1 Bxf5 27. Nf3 Qh6
28. Kf2 Rfe8 29. Ne5 Rxe5 30. Qf3 Re3 31. Qxa8+ Bf8 32. Qd5 Bxd3 0-1

[Event "Challenge"]
[Site "http://www.queenalice.com/game.php?id=1865643"]
[Date "2025.11.15"]
[Round "-"]
[White "Capixaba789"]
[Black "crisvolei"]
[Result "1-0"]
[WhiteElo "1917"]
[BlackElo "1565"]

1. d4 e5 2. dxe5 Qg5 3. Nf3 Qf5 4. Nc3 Bb4 5. Bd2 c6 6. a3 Bc5 7. e3 Ne7 8. Be2
b6 9. b4 Na6 10. bxc5 Nxc5 11. O-O a5 12. Rb1 Ba6 13. Rxb6 Bxe2 14. Nxe2 Nd5 15.
Ned4 Qe4 16. Rb1 O-O 17. Ng5 Qg6 18. f4 h5 19. c4 Ne7 20. Qf3 Qc2 21. Nxc2 g6
22. Nd4 Rfb8 23. f5 Rxb1 24. Rxb1 Nd3 25. f6 Nc8 26. Bxa5 Nxe5 27. Qf4 Nxc4 28.
Qc7 Ra7 29. Qd8# 1-0

[Event "Challenge"]
[Site "http://www.queenalice.com/game.php?id=1865694"]
[Date "2025.11.17"]
[Round "-"]
[White "crisvolei"]
[Black "tche_elvio"]
[Result "1-0"]
[WhiteElo "1548"]
[BlackElo "1491"]

1. e4 c5 2. c4 e6 3. e5 Nc6 4. Nf3 d6 5. h4 h6 6. g4 Qc7 7. Qc2 Bd7 8. Bh3 Nxe5
9. Nxe5 dxe5 10. Qe4 Bc6 11. Qd3 Bd6 12. O-O O-O-O 13. Qb3 b6 14. a4 a5 15. f3
f5 16. gxf5 Nf6 17. fxe6 g5 18. e7+ Bd7 19. exd8=Q+ Qxd8 20. Bxd7+ Qxd7 21. Qxb6
gxh4 22. Qa6+ Kd8 23. Qxa5+ Ke7 24. Nc3 Qc7 25. Qxc7+ Bxc7 26. Nb5 Bb8 27. d3
Rg8+ 28. Kh2 e4+ 29. Kh1 Rg3 30. dxe4 Nh5 31. Bxh6 h3 32. Rg1 Rxg1+ 33. Rxg1 h2
34. Rg5 Kf6 35. Rxh5 Kg6 36. Rh4 Kf7 37. a5 Kg6 38. f4 1-0

[Event "Challenge"]
[Site "http://www.queenalice.com/game.php?id=1865785"]
[Date "2025.11.19"]
[Round "-"]
[White "Mr_SPOCK"]
[Black "crisvolei"]
[Result "1-0"]
[WhiteElo "1764"]
[BlackElo "1556"]

1. e4 e5 2. Bc4 Nf6 3. Nc3 c6 4. a4 a5 5. Nf3 Bc5 6. O-O Ng4 7. d3 Bxf2+ 8. Rxf2
Nxf2 9. Kxf2 h5 10. Ng5 d5 11. exd5 Bg4 12. Qe1 Qf6+ 13. Nf3 Nd7 14. Bg5 Qf5 15.
Qe3 f6 16. Bh4 O-O 17. dxc6+ Kh7 18. Kg1 bxc6 19. Rf1 Rab8 20. Ng5+ fxg5 21.
Rxf5 Rxf5 22. Qe4 gxh4 23. b3 Nc5 24. Qxc6 e4 25. dxe4 Rg5 26. Qc7 Rf8 27. e5
Ne6 28. Bxe6 Bxe6 29. Qxa5 Rgf5 30. h3 Rf1+ 31. Kh2 Rc1 32. Ne4 Rxc2 33. Ng5+
Kg6 34. Nxe6 Rff2 35. Qb5 Rxg2+ 36. Kh1 Rh2+ 37. Kg1 Rxh3 38. Nf4+ Kf5 39. Nxh3
Rc1+ 40. Kg2 Rc2+ 41. Nf2 h3+ 42. Kxh3 Rxf2 43. Kg3 Rc2 44. Qd3+ Kxe5 45. Qxc2
g5 46. Qf2 h4+ 47. Kg4 1-0

[Event "Challenge"]
[Site "http://www.queenalice.com/game.php?id=1866147"]
[Date "2025.11.25"]
[Round "-"]
[White "crisvolei"]
[Black "Mr_SPOCK"]
[Result "0-1"]
[WhiteElo "1564"]
[BlackElo "1756"]

1. e4 e5 2. Qf3 Nf6 3. Bc4 Nc6 4. c3 Bc5 5. Nh3 d6 6. Ng5 O-O 7. Nxf7 Rxf7 8.
Bxf7+ Kxf7 9. h3 d5 10. d4 dxe4 11. Qg3 h6 12. dxc5 Qd5 13. b4 b6 14. Be3 Ba6
15. Nd2 Nh5 16. Qg4 g6 17. Bxh6 Bd3 18. a4 bxc5 19. bxc5 Qxc5 20. Qd7+ Ne7 21.
g4 Nf6 22. Nxe4 Bxe4 23. f3 Nxd7 24. fxe4 Qxc3+ 25. Kf2 Nc5 26. Be3 Nxe4+ 27.
Kf3 Nd2+ 28. Ke2 Nc4 29. Rhf1+ Ke6 30. Bc5 Qd2+ 31. Kf3 e4+ 32. Kg3 Qd3+ 33. Kg2
Nd5 34. Kg1 Qg3+ 35. Kh1 Rh8 36. h4 Rxh4# 0-1

[Event "Challenge"]
[Site "http://www.queenalice.com/game.php?id=1866343"]
[Date "2025.11.29"]
[Round "-"]
[White "crisvolei"]
[Black "zmanomega"]
[Result "1-0"]
[WhiteElo "1604"]
[BlackElo "1644"]

1. e4 e5 2. Qf3 f6 3. Bc4 Nc6 4. Ne2 d6 5. h3 Nb4 6. Na3 a5 7. Qc3 Nc6 8. d4
exd4 9. Nxd4 Nxd4 10. Qxd4 Ne7 11. Bb3 b6 12. Qc4 d5 13. exd5 g5 14. g4 Ba6 15.
Qe4 Qd6 16. Bc4 Bxc4 17. Nxc4 Qd7 18. d6 Rd8 19. Be3 cxd6 20. Nxb6 Qb5 21. Nd5
Qb7 22. Nxf6+ Kf7 23. Bxg5 Qxe4+ 24. Nxe4 h6 25. Bh4 d5 26. Nf6 Nc6 27. O-O-O d4
28. Nh5 Rb8 29. f4 Bc5 30. f5 Nb4 31. Kb1 Rb7 32. Nf4 Be7 33. Ng6 Rc8 34. Nxe7
Rd8 35. Rhe1 d3 36. c3 Nc2 37. Re6 Na3+ 38. Kc1 Nb5 39. Nc6 d2+ 40. Kc2 Rc8 41.
Nd8+ 1-0

[Event "Challenge"]
[Site "http://www.queenalice.com/game.php?id=1866344"]
[Date "2025.11.29"]
[Round "-"]
[White "zmanomega"]
[Black "crisvolei"]
[Result "0-1"]
[WhiteElo "1664"]
[BlackElo "1570"]

1. e4 e5 2. Nf3 Qf6 3. d3 h6 4. d4 Bb4+ 5. c3 Ba5 6. b4 Bb6 7. Nxe5 Ne7 8. f3 g5
9. g3 d6 10. Ng4 Bxg4 11. fxg4 Nd7 12. Be3 O-O-O 13. Be2 d5 14. Rf1 Qg6 15. e5
f5 16. gxf5 Nxf5 17. Bd2 h5 18. a4 a5 19. bxa5 Bxa5 20. Na3 Bxc3 21. Nb5 Nxd4
22. Nxd4 Bxd4 23. Rb1 Nxe5 24. Qb3 b6 25. Ba6+ Kb8 26. Kd1 Nc4 27. Bxc4 dxc4 28.
Qb4 c3 29. Rc1 Qd3 30. Rc2 Qxf1+ 31. Be1 Bc5+ 0-1

[Event "Challenge"]
[Site "http://www.queenalice.com/game.php?id=1866437"]
[Date "2025.12.1"]
[Round "-"]
[White "crisvolei"]
[Black "Leanne"]
[Result "1-0"]
[WhiteElo "1562"]
[BlackElo "1368"]

1. e4 c6 2. Qf3 d5 3. Nc3 e5 4. d4 exd4 5. Nce2 Bb4+ 6. c3 dxc3 7. bxc3 dxe4 8.
Qxe4+ Ne7 9. Qxb4 h6 10. Ba3 Nd5 11. Qe4+ Be6 12. O-O-O Qa5 13. Kb2 c5 14. Rxd5
Nc6 15. Rxc5 Qd8 16. Nd4 Nxd4 17. cxd4 O-O 18. Bb5 a6 19. Bd3 g6 20. Ne2 b6 21.
Rc6 b5 22. Bxf8 Bd5 23. Qe7 Qxe7 24. Bxe7 Bxc6 25. Rc1 Bd5 26. f3 b4 27. Be4 Re8
28. Bxd5 Rxe7 29. Nf4 Kg7 30. Rc6 a5 31. g4 g5 32. Nh5+ Kh7 33. Be4+ f5 34.
Bxf5+ Kg8 35. Rc8+ Kf7 36. d5 a4 37. d6 Re2+ 38. Bc2 b3 39. axb3 axb3 40. Kxb3
Rd2 41. Rc7+ Ke6 42. d7 Rxd7 43. Bf5+ Kd6 44. Rxd7+ 1-0

[Event "Challenge"]
[Site "http://www.queenalice.com/game.php?id=1866600"]
[Date "2025.12.4"]
[Round "-"]
[White "crisvolei"]
[Black "Mr_SPOCK"]
[Result "0-1"]
[WhiteElo "1614"]
[BlackElo "1761"]

1. e4 e5 2. d4 Nc6 3. dxe5 Nxe5 4. Bf4 d6 5. Nc3 Bg4 6. f3 Bh5 7. Qd5 c6 8. Qd4
c5 9. Qa4+ Nc6 10. Nd5 a6 11. O-O-O g6 12. Nh3 Nf6 13. Bg5 Bg7 14. g4 h6 15.
Nxf6+ Bxf6 16. Bxf6 Qxf6 17. gxh5 g5 18. Be2 O-O 19. f4 gxf4 20. Rhg1+ Kh7 21.
e5 Nxe5 22. Qa5 Nc6 23. Qc7 Nd4 24. Bd3+ Nf5 25. Bxf5+ Qxf5 26. Qxd6 Rae8 27.
Nxf4 f6 28. Rd5 Qe4 29. Rxc5 Qe3+ 30. Kd1 Qxg1+ 31. Kd2 Qe1+ 32. Kd3 Re3+ 33.
Kc4 b5+ 34. Rxb5 Qf1+ 35. Kd5 Re5+ 36. Kd4 Qxf4+ 37. Kc3 Re3+ 38. Kd2 Qxd6+ 39.
Kxe3 Re8+ 0-1

[Event "Challenge"]
[Site "http://www.queenalice.com/game.php?id=1866601"]
[Date "2025.12.4"]
[Round "-"]
[White "Mr_SPOCK"]
[Black "crisvolei"]
[Result "0-1"]
[WhiteElo "1785"]
[BlackElo "1590"]

1. e4 e5 2. Bc4 Nh6 3. d4 Qh4 4. Bd5 c6 5. Bxh6 gxh6 6. Nc3 cxd5 7. dxe5 Bb4 8.
Nf3 Qg4 9. Qxd5 Qxg2 10. O-O-O Qxf3 11. Nb5 Na6 12. Qd4 Qf4+ 13. Kb1 Bc5 14. Qd5
Qxf2 15. e6 fxe6 16. Qe5 Rf8 17. a3 d6 18. Qc3 Bd7 19. Rxd6 Bxd6 20. Nxd6+ Ke7
21. e5 Rf3 22. Qc4 Re3 23. Qg4 Re1+ 24. Rxe1 Qxe1+ 25. Ka2 Qxe5 26. Ne4 Rf8 27.
Ng3 Qd5+ 28. b3 Rf2 29. Qh4+ Ke8 30. Kb2 Nc5 31. Qb4 Qe5+ 32. Qc3 Nd3+ 33. Ka1
Qxc3+ 34. Ka2 Qxc2+ 35. Ka1 Qb2# 0-1

[Event "Challenge"]
[Site "http://www.queenalice.com/game.php?id=1866606"]
[Date "2025.12.5"]
[Round "-"]
[White "crisvolei"]
[Black "tche_elvio"]
[Result "0-1"]
[WhiteElo "1602"]
[BlackElo "1534"]

1. e4 c5 2. Bc4 e6 3. e5 Nc6 4. Nf3 b6 5. c3 d6 6. Qe2 dxe5 7. Nxe5 Nxe5 8. d3
h6 9. Bf4 Bd6 10. Bxe5 Bxe5 11. Qxe5 Nf6 12. Nd2 O-O 13. Ne4 Nxe4 14. Qxe4 Bd7
15. O-O-O Qg5+ 16. f4 Qf5 17. Qf3 e5 18. Bd5 Rac8 19. g3 exf4 20. g4 Qxg4 21.
Qxg4 Bxg4 22. Rde1 Rcd8 23. c4 Be6 24. Re5 Bxd5 25. cxd5 g5 26. h4 f6 27. Re7
Rxd5 28. hxg5 Rf7 29. Rxf7 Kxf7 30. gxf6 Rxd3 31. Rxh6 f3 32. Kc2 c4 33. b3 f2
34. Rh1 Rf3 35. Rf1 cxb3+ 36. axb3 Kxf6 37. b4 a6 38. Kb2 a5 39. bxa5 bxa5 40.
Kc2 Kg5 41. Kd2 Kg4 42. Ke2 Kg3 43. Ra1 f1=Q+ 44. Rxf1 Rxf1 45. Kxf1 a4 46. Ke1
a3 47. Kd2 a2 48. Kc2 a1=Q 0-1